| 000 | 00876nam a22002537i 4500 | ||
|---|---|---|---|
| 999 |
_c23057 _d23057 |
||
| 003 | AR-CdUCM | ||
| 008 | 240916b20232023 pe||||| |||| 00| 0 spa d | ||
| 020 | _a978-612-00-8294-2 | ||
| 040 |
_aMUNICIPALIDAD PROVINCIAL DEL CUSCO _cBIBLIOTECA MUNICIPAL DEL CUSCO |
||
| 041 | _hspa | ||
| 082 |
_a693.7 / C577 _bC577 |
||
| 100 |
_aChullo Llave, Neptali _950492 |
||
| 245 | _aConexiones en estructuras metálicas AISC360-ASD / | ||
| 260 |
_aPerú : _bChullo Llave, Neptali _c2023 |
||
| 300 |
_a 210 páginas. : _c21cm. |
||
| 500 | _zBibliografía: página 210 | ||
| 505 | _aMetodología ASD -- Combinaciones de carga -- Procedimiento de soldadura precalificado WPS | ||
| 650 |
_aMetal base _950493 |
||
| 650 |
_aProcesos de soldadura _950494 |
||
| 650 |
_aRequisitos de WPS _950495 |
||
| 650 |
_aJuntas soldadas _950496 |
||
| 942 |
_2ddc _cLIBROS |
||
| 945 |
_apbj _d2024-09-16 |
||